| 000 | 00363nam a2200157Ia 4500 | ||
|---|---|---|---|
| 008 | 210210b1964 xxu||||| |||| 00| 0 eng d | ||
| 041 | _aeng | ||
| 082 | _a954/200 | ||
| 100 | _aMAJUMDAR (R C) | ||
| 245 | _aAncient India | ||
| 260 |
_aDelhi _bMotilal banarasidas _c1964 |
||
| 650 | _aIndia | ||
| 650 | _aAncient | ||
| 690 | _aIndian History | ||
| 906 | _a025957 | ||
| 999 |
_c151876 _d151876 |
||